The Therapist's handbook : (Record no. 3558)
[ view plain ]
| 000 -LEADER | |
|---|---|
| fixed length control field | 00703pam a2200205 i 4500 |
| 001 - CONTROL NUMBER | |
| control field | 3162535 |
| 005 - DATE AND TIME OF LATEST TRANSACTION | |
| control field | 20250207163652.0 |
| 008 - FIXED-LENGTH DATA ELEMENTS--GENERAL INFORMATION | |
| fixed length control field | 750821s1976 nyu b 001 0 eng |
| 020 ## - INTERNATIONAL STANDARD BOOK NUMBER | |
| International Standard Book Number | 0442295707 |
| 050 00 - LIBRARY OF CONGRESS CALL NUMBER | |
| Classification number | RC480 |
| Item number | .T445 1976 |
| 082 00 - DEWEY DECIMAL CLASSIFICATION NUMBER | |
| Classification number | 616.8/914 |
| 245 04 - TITLE STATEMENT | |
| Title | The Therapist's handbook : |
| Remainder of title | treatment methods of mental disorders / |
| Statement of responsibility, etc. | edited by Benjamin B. Wolman, in collaboration with Richard Abrams ... [et al.] ; foreword by Bertram S. Brown. |
| 260 ## - PUBLICATION, DISTRIBUTION, ETC. | |
| Place of publication, distribution, etc. | New York : |
| Name of publisher, distributor, etc. | Van Nostrand Reinhold, |
| Date of publication, distribution, etc. | c1976 |
| 300 ## - PHYSICAL DESCRIPTION | |
| Extent | xvi, 539 p. ; |
| Dimensions | 24 cm. |
| 650 #0 - SUBJECT ADDED ENTRY--TOPICAL TERM | |
| Topical term or geographic name entry element | Psychotherapy. |
| 650 #2 - SUBJECT ADDED ENTRY--TOPICAL TERM | |
| Topical term or geographic name entry element | Psychotherapy. |
| 650 #2 - SUBJECT ADDED ENTRY--TOPICAL TERM | |
| Topical term or geographic name entry element | Mental disorders |
| General subdivision | Therapy. |
| 700 1# - ADDED ENTRY--PERSONAL NAME | |
| Personal name | Wolman, Benjamin B. |
| 942 ## - ADDED ENTRY ELEMENTS (KOHA) | |
| Source of classification or shelving scheme | Library of Congress Classification |
| Koha item type | Books |
| Suppress in OPAC | No |
| 999 ## - | |
| -- | 3558 |
| -- | 3558 |
| Withdrawn status | Lost status | Source of classification or shelving scheme | Damaged status | Not for loan | Collection | Home library | Current library | Shelving location | Date acquired | Total checkouts | Full call number | Barcode | Date last seen | Copy number | Price effective from | Koha item type |
|---|---|---|---|---|---|---|---|---|---|---|---|---|---|---|---|---|
| Library of Congress Classification | Non-fiction | Science Library (Miotso) | Science Library (Miotso) | General stacks | 02/07/2025 | RC480 .T445 THE | SLM00002993 | 02/07/2025 | 1 | 02/07/2025 | Books |